00633 2200205 4500001002100000005001500021035002000036007000300056008004100059020002200100082001100122084001700133100001500150245009300165250001100258260004900269300004500318600003900363990002500402INLIS00000000000104320230216013118 a0010-0223000042ta230216 | 0 ind  a978-602-98202-9-4 a808.02 a808.02 AA t0 aAA Kunto A1 a7 STEPS OFM WRITING COACHING :bTemukan Sendiri Metode Pas Menjadi Penulis /cAA Kunto A aCet. 4 aYogyakarta :bWanajati Chakra Renjana,c2015 a184 hlm :bTerdapat Gambar ;c13 x 19 cm 4aKepengarangan dan Teknik Editorial a01914/PSMUH/Hib/2023